Statistics for World War II Multiple Choice

Click here to take the quiz!

General Stats

  • This quiz has been taken 33 times
  • The average score is 10 of 15

Answer Stats

QuestionAnswer% Correct
What country lost the most lives in World War II?Soviet Union
96%
What research and development project produced the first nuclear weapons during World War II?Manhattan Project
93%
What was the second city the United States dropped a nuclear bomb on?Nagasaki
89%
In which battle did the Axis powers lose about a quarter of their total troops on the Eastern Front?Stalingrad
82%
What was the first Nazi concentration camp?Dachau
79%
What was the name of the B-29 bomber that dropped the first atomic bomb on HiroshimaEnola Gay
75%
What was the Nazi code name for a planned invasion of the United Kingdom during WW2?Operation Sea Lion
75%
What two countries were already involved in a military conflict before the beginning of World War II?Japan and China
71%
What was the code name for the Battle of Normandy?Operation Overlord
71%
Which battle involved the largest engagement of tanks in history?Kursk
64%
After World War II, Germany was divided into how many zones of occupation?4
57%
What was the longest battle of World War II?Battle of the Atlantic
46%
What was the largest battleship of World War 2?Yamato
39%
What was the last major battle of World War II?Battle of Okinawa
36%
What country sent reinforcements in the form of "Division Azul" to aid Germany in its WWII attack on the Soviet Union?Spain
36%

Score Distribution

Percentile by Number Answered

Percent of People with Each Score

Your Score History

You have not taken this quiz